000 00763nam a2200205Ia 4500
005 20241216011337.0
008 190429s9999||||xx |||||||||||||| ||und||
082 _a618.15
_bA71
100 _aARIAS CORONEL, ISABEL / HUARINGA MATEO, MARITZA Y ROJAS REYES, DELCY
245 0 _aFACTORES PREDISPONENTES DE LA FRECUENCIA DE MICROORGANISMOS EN VAGINITIS EN MUJERES SEXUALMENTE ACTIVAS QUE ACUDEN AL HPTAL.II IPSS CERRO DE PASCO MAYO - OCTUBRE 1997
250 _a0
260 _aCERRO DE PASCO-PERU
_bUNDAC
_c1998
300 _a71 pag.
_c30 cm.
341 _h0
490 _v0
_a0
505 _aENFERMEDADES DE LA VAGINA/VAGINITIS/MUJERES SEXAULMENTE ACTI
541 _aD
_bARIAS CORONEL, ISABEL
_d18-Feb-02
_oSoles
650 _aEnfermería
942 _cTESIS
999 _c39297
_d39297